000 00270nam a22001217a 4500
008 170303b xxu||||| |||| 00| 0 alb d
041 _aalb
080 _a616.073
100 _a6
101 _aSHM
245 _aRREZATIMET JONIZUESE NE MJEKESI
_cSHEHU, G
942 _2udc
_cBK
999 _c6660
_d6660